书目信息 |
| 题名: |
国内外化工标准目录
|
|
| 作者: | 李定一 主编 | |
| 分册: | ||
| 出版信息: | 北京 化学工业出版社 1999.02 |
|
| 页数: | 687页 | |
| 开本: | 16开 | |
| 丛书名: | ||
| 单 册: | ||
| 中图分类: | Z88:TQ | |
| 科图分类: | ||
| 主题词: | 专题目录 , 专科目录 | |
| 电子资源: | ||
| ISBN: | 7-5025-2393-6 | |
| 000 | 00587nam0 2200205 45 | |
| 001 | 0010061066 | |
| 005 | 20001006102455.8 | |
| 010 | @a7-5025-2393-6@d95.00元 | |
| 100 | @a20001006d1999 km y0chiy0120 ea | |
| 101 | 0 | @achi |
| 105 | @a z 000yy | |
| 200 | 1 | @a国内外化工标准目录@AGuo Nei Wai Hua Gong Biao Zhun Mu Lu@f李定一主编@FLi Ding Yi Zhu Bian |
| 210 | @a北京@c化学工业出版社@d1999.02 | |
| 215 | @a687页@d16开 | |
| 606 | 0 | @a专题目录 |
| 606 | 0 | @a专科目录 |
| 690 | @aZ88:TQ@v3 | |
| 701 | 0 | @a李定一@4主编 |
| 801 | @aCN@bPftUser@c20001006 | |
| 905 | @b167823-824@dZ88:TQ@eL910@f2 | |
| 国内外化工标准目录/李定一主编.-北京:化学工业出版社,1999.02 |
| 687页;16开 |
| ISBN 7-5025-2393-6:95.00元 |
| ● |
| 相关链接 |
|
|
|
正题名:国内外化工标准目录
索取号:Z88:TQ/L910
 
预约/预借
| 序号 | 登录号 | 条形码 | 馆藏地/架位号 | 状态 | 备注 |
| 1 | 167823 | 201678238 | 自科库501/501自科库 133排8列2层/ [索取号:Z88:TQ/L910] | 在馆 | |
| 2 | 167824 | 201678247 | 自科库501/501自科库 132排2列3层/ [索取号:Z88:TQ/L910] | 在馆 | |
| 3 | 63429 | 200634297 | 自科库501/501自科库 132排2列3层/ [索取号:Z88:TQ/L910] | 在馆 |